000 01357nam0a2200409 4500
001 RU\NLR\bibl\53100
005 20250616084726.0
010 _a5-86585-051-2
021 _aRU
_b2001-8880
_9426
035 _a(NLR Aleph) 000051810
090 _a277952
_c277952
100 _a19991015d1998 |||y0rusy50 ca
101 0 _arus
102 _aRU
105 _ay |||||||||
200 1 _aКонфискованные письма
_fГерман Обухов
210 _aСПб
_cАкрополь
_d1998
215 _a223 с.
_d20
316 _aС автогр. авт.
_5NLR
320 _aБиблиогр. в подстроч. примеч.
606 0 _aРепрессии 30 - 40-ых и нач. 50-ых гг. в СССР
_91213372
_3RU\NLR\auth\66174418
686 _aТ3(2)7-3
686 _aШ6(2=Р)6-4
700 1 _aОбухов
_bГ. В.
_f1949-
_gГерман Викторович
_4070
801 0 _aRU
_bNLR
_c19991015
_gPSBO
801 1 _aRU
_bNLR
_c19991015
830 _aАвт. раскрыт по кн.
852 _aNLR
_j99-3/12321
942 _cBOOK
980 _aNB
980 _aIA
996 _aиноагент
_bp
_cОбухов Герман Викторович